000 00834nam a2200253Ia 4500
003 OSt
005 20220918171434.0
006 a|||||r|||| 00| 0
007 ta
008 220917b |||||||| |||| 00| 0 eng d
020 _a9781783303939 (pbk)
_cUKP 59.95
024 _a353,643
037 _bIN2751/19-20, 06/03/2020, Shankar's Book Agency Pvt. Ltd.
_cTextual
040 _aARTS
_cARTS
_beng
041 _2eng
_aeng
082 _a2:f, R0
100 _aSewell Claire Au.
_936547
245 0 _aNo - nonsence guide to research support and scholary communication
260 _aLondon
_bFacet Publishing UK
_c2020
300 _axix,184p.
_ccm.
650 _aLIBRARY SCIENCE
942 _h2:f, R0
_cTEXL
_2CC
999 _c139551
_d139551